000 00313nam a2200133Ia 4500
008 191201s1953 xx 000 0 und d
082 _a530
100 _aMORSE, Philip M
245 0 _aMethods of Theoretical Physics II
260 _aLondan
_bTMH
_c1953
300 _a999+1978
650 _aApplied
942 _2ddc
_cBK
999 _c592
_d592